ஸாஹிராவை உநவாக்கிய உத்தமர்கள் = සහිරාව බිහි කළ උත්තමයෝ = Founders of Zahira (Record no. 730)
[ view plain ]
| 000 -LEADER | |
|---|---|
| fixed length control field | 007800000a22002170004500 |
| 003 - CONTROL NUMBER IDENTIFIER | |
| control field | LK-CoMWRAF |
| 005 - DATE AND TIME OF LATEST TRANSACTION | |
| control field | 20240212172422.0 |
| 008 - FIXED-LENGTH DATA ELEMENTS--GENERAL INFORMATION | |
| fixed length control field | 230817t2004 ||||| |||| 00| 0 eng d |
| 020 ## - INTERNATIONAL STANDARD BOOK NUMBER | |
| International Standard Book Number | 9559876600 |
| 040 ## - CATALOGING SOURCE | |
| Original cataloging agency | LK-CoMWRAF |
| Modifying agency | LK-CoMWRAF |
| Description conventions | LK-CoMWRAF |
| 041 ## - LANGUAGE CODE | |
| Language code of text/sound track or separate title | Tamil |
| -- | Sinhala; Sinhalese |
| -- | English |
| 082 ## - DEWEY DECIMAL CLASSIFICATION NUMBER | |
| Classification number | 923.7 |
| Item number | SID |
| 942 ## - ADDED ENTRY ELEMENTS (KOHA) | |
| Koha item type | Books |
| 100 ## - MAIN ENTRY--PERSONAL NAME | |
| Personal name | ஸித்தீக், ஸக்கியா |
| Personal name (Transliterated) | Siddeeque, Zakiya |
| 700 ## - ADDED ENTRY--PERSONAL NAME | |
| Personal name | Azeez, A.W. Abdul |
| Relator Term | adapter |
| 245 ## - TITLE STATEMENT | |
| Title | ஸாஹிராவை உநவாக்கிய உத்தமர்கள் = සහිරාව බිහි කළ උත්තමයෝ = Founders of Zahira |
| 246 ## - VARYING FORM OF TITLE | |
| Title proper/short title | Zāhirāvai uruvākkiya uthamarhal |
| 260 ## - PUBLICATION, DISTRIBUTION, ETC. (IMPRINT) | |
| Name of publisher, distributor, etc. | Colombo: |
| Place of publication, distribution, etc. | Thamil Vizha, |
| Date of publication, distribution, etc. | 2004 |
| 300 ## - PHYSICAL DESCRIPTION | |
| Extent | 162 P. |
| 650 ## - SUBJECT ADDED ENTRY--TOPICAL TERM | |
| Topical term or geographic name as entry element | EDUCATIONISTS-Sri Lanka |
| Withdrawn status | Lost status | Damaged status | Not for loan | Permanent Location | Current Location | Date acquired | Full call number | Barcode | Koha item type |
|---|---|---|---|---|---|---|---|---|---|
| Resource center, Muslim Women's Research And Action Forum | Resource center, Muslim Women's Research And Action Forum | 2023-08-17 | 923.7 SID | RAF4137 | Books | ||||
| Resource center, Muslim Women's Research And Action Forum | Resource center, Muslim Women's Research And Action Forum | 2024-02-09 | 923.7 SID | RAF4308 | Books | ||||
| Resource center, Muslim Women's Research And Action Forum | Resource center, Muslim Women's Research And Action Forum | 2024-02-09 | 923.7 SID | RAF424 | Books |

